| 000 | 00813nam a22002297a 4500 | ||
|---|---|---|---|
| 001 | 2507 | ||
| 005 | 20250815123342.0 | ||
| 020 | _a9780590275576 | ||
| 040 |
_aTEFMT _beng _erda _cTEFMT _dTEF _dOCLCQ _dOCLCO _dJTD _dJQM _dJRI _dORX _dUOK _dAPL _dOCLCF _dYEQ _dKYC _dCOO _dCPP _dDLC |
||
| 050 | 0 | 0 | _aPZ7.M51274 |
| 082 | 0 | 4 | _a808.068 |
| 100 | 1 |
_aSheff Medearis, Angela _d1994- |
|
| 245 | 1 | 0 |
_aHarry's house / _cWritten by Angela Shelf Medearis ; Illustrated by Susan Keeter |
| 260 |
_aNew York : _bScholastic, _c1994 |
||
| 300 |
_a16 unnumbered pages : _bcolor illustrations ; _c20 cm |
||
| 505 | _aF | ||
| 520 | _aA girl and her mother build a doghouse for their dog named Harry. | ||
| 521 |
_a310
_bLexile |
||
| 521 |
_aF
_bRaz-Plus |
||
| 906 |
_a7 _bcbc _ccopycat _d2 _encip _f20 _gy-soundrec |
||
| 942 |
_2ddc _cBK _n0 |
||
| 999 |
_c2507 _d2507 |
||